| 000 | 00918 a2200229 4500 | ||
|---|---|---|---|
| 001 | 41344 | ||
| 005 | 20260407155707.0 | ||
| 008 | 260407a2016 arg spa d | ||
| 003 | AR-UNSa-BCEJYS | ||
| 040 |
_aAR-UNSa-BCEJYS _bspa _cAR-UNSa-BCEJYS |
||
| 080 |
_a366.5 _xProtección del consumidor. Distintos tipos de asociaciones de consumidores |
||
| 245 | 1 | 0 |
_aSistema de resolución de conflictos en las relaciones de consumo _pLey 26.993 |
| 264 | 1 |
_aBuenos Aires : _bErreius _c2016 |
|
| 300 |
_a63 p. _c21 cm. |
||
| 505 | _a1. Sistema de resolución de conflictos en las relaciones de consumo: ley 26993 / Francisco Junyent Bas y M. Constanza Garzino | ||
| 041 | _aspa | ||
| 942 | _cBK | ||
| 590 | _aniveau_biblio:m niveau_hierar:0 | ||
| 100 | 1 | _aGarzino, María Constanza | |
| 700 | 1 | _aJunyent Bas, Francisco | |
| 856 | 4 | 1 |
_uhttps://biblioeco.unsa.edu.ar/pmb/images/libros/E00045.jpg _yImagen de portada _qimage/jpeg |
| 999 |
_c3478 _d3478 |
||